<?xml version="1.0" encoding="UTF-8"?>
<record
    xmlns:xsi="http://www.w3.org/2001/XMLSchema-instance"
    xsi:schemaLocation="http://www.loc.gov/MARC21/slim http://www.loc.gov/standards/marcxml/schema/MARC21slim.xsd"
    xmlns="http://www.loc.gov/MARC21/slim">

  <leader>00998nam a22002657a 4500</leader>
  <controlfield tag="005">20180320113301.0</controlfield>
  <datafield tag="010" ind1=" " ind2=" ">
    <subfield code="a">1617E ENG-117170</subfield>
  </datafield>
  <datafield tag="020" ind1=" " ind2=" ">
    <subfield code="a">9788125062349</subfield>
    <subfield code="c">360.00</subfield>
  </datafield>
  <datafield tag="035" ind1=" " ind2=" ">
    <subfield code="a">B-649242-249</subfield>
  </datafield>
  <datafield tag="035" ind1=" " ind2=" ">
    <subfield code="a">EN-100702</subfield>
  </datafield>
  <datafield tag="035" ind1=" " ind2=" ">
    <subfield code="a">B-667251</subfield>
  </datafield>
  <datafield tag="037" ind1=" " ind2=" ">
    <subfield code="b">Aakar</subfield>
    <subfield code="a">dpl</subfield>
  </datafield>
  <datafield tag="037" ind1=" " ind2=" ">
    <subfield code="b">DBAD/PUB</subfield>
  </datafield>
  <datafield tag="082" ind1=" " ind2=" ">
    <subfield code="a">810</subfield>
  </datafield>
  <datafield tag="082" ind1=" " ind2=" ">
    <subfield code="a">880</subfield>
    <subfield code="2">DBAD</subfield>
  </datafield>
  <datafield tag="100" ind1=" " ind2=" ">
    <subfield code="a">Dutta, Nandana </subfield>
  </datafield>
  <datafield tag="245" ind1=" " ind2=" ">
    <subfield code="a">American literature /</subfield>
    <subfield code="c"> by Nandana Dutta,</subfield>
  </datafield>
  <datafield tag="260" ind1=" " ind2=" ">
    <subfield code="c">2016</subfield>
    <subfield code="a">New Delhi</subfield>
    <subfield code="b">Orient Blackswan </subfield>
  </datafield>
  <datafield tag="270" ind1=" " ind2=" ">
    <subfield code="a">1/24, Asaf Ali Road</subfield>
    <subfield code="b">New Delhi</subfield>
    <subfield code="e">110002</subfield>
  </datafield>
  <datafield tag="300" ind1=" " ind2=" ">
    <subfield code="c">23cm(pbk)</subfield>
    <subfield code="a">xviii,452p.</subfield>
  </datafield>
  <datafield tag="490" ind1=" " ind2=" ">
    <subfield code="a">Literary contexts</subfield>
  </datafield>
  <datafield tag="942" ind1=" " ind2=" ">
    <subfield code="c">EN</subfield>
    <subfield code="2">ddc</subfield>
    <subfield code="h">810</subfield>
    <subfield code="m">DUT</subfield>
  </datafield>
  <datafield tag="999" ind1=" " ind2=" ">
    <subfield code="c">102607</subfield>
    <subfield code="d">102607</subfield>
  </datafield>
  <datafield tag="952" ind1=" " ind2=" ">
    <subfield code="0">0</subfield>
    <subfield code="1">0</subfield>
    <subfield code="4">0</subfield>
    <subfield code="7">1</subfield>
    <subfield code="8">NFIC</subfield>
    <subfield code="a">DBAD</subfield>
    <subfield code="b">BN</subfield>
    <subfield code="d">2017-01-24</subfield>
    <subfield code="e">DBAD/PUB</subfield>
    <subfield code="g">360.00</subfield>
    <subfield code="l">0</subfield>
    <subfield code="o">880 DUT</subfield>
    <subfield code="p">EN-100702</subfield>
    <subfield code="r">2017-01-24 00:00:00</subfield>
    <subfield code="t">1</subfield>
    <subfield code="v">360.00</subfield>
    <subfield code="y">EN</subfield>
  </datafield>
  <datafield tag="952" ind1=" " ind2=" ">
    <subfield code="0">0</subfield>
    <subfield code="1">0</subfield>
    <subfield code="4">0</subfield>
    <subfield code="7">1</subfield>
    <subfield code="8">REF</subfield>
    <subfield code="a">L</subfield>
    <subfield code="b">L</subfield>
    <subfield code="d">2017-03-03</subfield>
    <subfield code="e">BPPD/EN/2016-17/285/24.11.2016/I-2590/8.12.2016/2.1.2017</subfield>
    <subfield code="g">360.00</subfield>
    <subfield code="l">0</subfield>
    <subfield code="o">810 DUT</subfield>
    <subfield code="p">B-649242</subfield>
    <subfield code="r">2017-03-03 00:00:00</subfield>
    <subfield code="t">1</subfield>
    <subfield code="v">360.00</subfield>
    <subfield code="y">EN</subfield>
  </datafield>
  <datafield tag="952" ind1=" " ind2=" ">
    <subfield code="0">0</subfield>
    <subfield code="1">0</subfield>
    <subfield code="4">0</subfield>
    <subfield code="7">0</subfield>
    <subfield code="8">NFIC</subfield>
    <subfield code="a">NPL</subfield>
    <subfield code="b">NPL</subfield>
    <subfield code="d">2017-03-03</subfield>
    <subfield code="e">BPPD/EN/2016-17/285/24.11.2016/I-2590/8.12.2016/2.1.2017</subfield>
    <subfield code="g">360.00</subfield>
    <subfield code="l">0</subfield>
    <subfield code="o">810 DUT</subfield>
    <subfield code="p">B-649243</subfield>
    <subfield code="r">2017-03-03 00:00:00</subfield>
    <subfield code="t">1</subfield>
    <subfield code="v">360.00</subfield>
    <subfield code="y">EN</subfield>
  </datafield>
  <datafield tag="952" ind1=" " ind2=" ">
    <subfield code="0">0</subfield>
    <subfield code="1">0</subfield>
    <subfield code="4">0</subfield>
    <subfield code="7">0</subfield>
    <subfield code="8">NFIC</subfield>
    <subfield code="a">BL1</subfield>
    <subfield code="b">BL1</subfield>
    <subfield code="d">2017-03-03</subfield>
    <subfield code="e">BPPD/EN/2016-17/285/24.11.2016/I-2590/8.12.2016/2.1.2017</subfield>
    <subfield code="g">360.00</subfield>
    <subfield code="l">3</subfield>
    <subfield code="o">810 DUT</subfield>
    <subfield code="p">B-649244</subfield>
    <subfield code="r">2020-11-20 00:00:00</subfield>
    <subfield code="s">2020-11-11</subfield>
    <subfield code="t">1</subfield>
    <subfield code="v">360.00</subfield>
    <subfield code="y">EN</subfield>
  </datafield>
  <datafield tag="952" ind1=" " ind2=" ">
    <subfield code="0">0</subfield>
    <subfield code="1">0</subfield>
    <subfield code="4">0</subfield>
    <subfield code="7">0</subfield>
    <subfield code="8">NFIC</subfield>
    <subfield code="a">KGM</subfield>
    <subfield code="b">KGM</subfield>
    <subfield code="d">2017-03-03</subfield>
    <subfield code="e">BPPD/EN/2016-17/285/24.11.2016/I-2590/8.12.2016/2.1.2017</subfield>
    <subfield code="g">360.00</subfield>
    <subfield code="l">4</subfield>
    <subfield code="m">7</subfield>
    <subfield code="o">810 DUT</subfield>
    <subfield code="p">B-649245</subfield>
    <subfield code="r">2021-10-26 00:00:00</subfield>
    <subfield code="s">2021-10-01</subfield>
    <subfield code="t">1</subfield>
    <subfield code="v">360.00</subfield>
    <subfield code="y">EN</subfield>
  </datafield>
  <datafield tag="952" ind1=" " ind2=" ">
    <subfield code="0">0</subfield>
    <subfield code="1">0</subfield>
    <subfield code="4">0</subfield>
    <subfield code="7">0</subfield>
    <subfield code="8">NFIC</subfield>
    <subfield code="a">JP</subfield>
    <subfield code="b">JP</subfield>
    <subfield code="d">2017-03-03</subfield>
    <subfield code="e">BPPD/EN/2016-17/285/24.11.2016/I-2590/8.12.2016/2.1.2017</subfield>
    <subfield code="g">360.00</subfield>
    <subfield code="l">10</subfield>
    <subfield code="m">5</subfield>
    <subfield code="o">810 DUT</subfield>
    <subfield code="p">B-649246</subfield>
    <subfield code="r">2019-10-24 00:00:00</subfield>
    <subfield code="s">2019-10-11</subfield>
    <subfield code="t">1</subfield>
    <subfield code="v">360.00</subfield>
    <subfield code="y">EN</subfield>
  </datafield>
  <datafield tag="952" ind1=" " ind2=" ">
    <subfield code="0">0</subfield>
    <subfield code="1">0</subfield>
    <subfield code="4">0</subfield>
    <subfield code="7">0</subfield>
    <subfield code="8">NFIC</subfield>
    <subfield code="a">ZLS</subfield>
    <subfield code="b">ZLS</subfield>
    <subfield code="d">2017-03-03</subfield>
    <subfield code="e">BPPD/EN/2016-17/285/24.11.2016/I-2590/8.12.2016/2.1.2017</subfield>
    <subfield code="g">360.00</subfield>
    <subfield code="l">3</subfield>
    <subfield code="m">2</subfield>
    <subfield code="o">810 DUT</subfield>
    <subfield code="p">B-649247</subfield>
    <subfield code="r">2020-03-05 00:00:00</subfield>
    <subfield code="s">2020-02-19</subfield>
    <subfield code="t">1</subfield>
    <subfield code="v">360.00</subfield>
    <subfield code="y">EN</subfield>
  </datafield>
  <datafield tag="952" ind1=" " ind2=" ">
    <subfield code="0">0</subfield>
    <subfield code="1">0</subfield>
    <subfield code="4">0</subfield>
    <subfield code="7">0</subfield>
    <subfield code="8">NFIC</subfield>
    <subfield code="a">BL4</subfield>
    <subfield code="b">BL4</subfield>
    <subfield code="d">2017-03-03</subfield>
    <subfield code="e">BPPD/EN/2016-17/285/24.11.2016/I-2590/8.12.2016/2.1.2017</subfield>
    <subfield code="g">360.00</subfield>
    <subfield code="l">3</subfield>
    <subfield code="m">1</subfield>
    <subfield code="o">810 DUT</subfield>
    <subfield code="p">B-649248</subfield>
    <subfield code="r">2021-02-03 00:00:00</subfield>
    <subfield code="s">2021-01-25</subfield>
    <subfield code="t">1</subfield>
    <subfield code="v">360.00</subfield>
    <subfield code="y">EN</subfield>
  </datafield>
  <datafield tag="952" ind1=" " ind2=" ">
    <subfield code="0">0</subfield>
    <subfield code="1">0</subfield>
    <subfield code="4">0</subfield>
    <subfield code="7">0</subfield>
    <subfield code="8">NFIC</subfield>
    <subfield code="a">YV</subfield>
    <subfield code="b">YV</subfield>
    <subfield code="d">2017-03-03</subfield>
    <subfield code="e">BPPD/EN/2016-17/285/24.11.2016/I-2590/8.12.2016/2.1.2017</subfield>
    <subfield code="g">360.00</subfield>
    <subfield code="l">0</subfield>
    <subfield code="o">810 DUT</subfield>
    <subfield code="p">B-649249</subfield>
    <subfield code="r">2017-03-03 00:00:00</subfield>
    <subfield code="t">1</subfield>
    <subfield code="v">360.00</subfield>
    <subfield code="y">EN</subfield>
  </datafield>
  <datafield tag="952" ind1=" " ind2=" ">
    <subfield code="0">0</subfield>
    <subfield code="1">0</subfield>
    <subfield code="4">0</subfield>
    <subfield code="7">0</subfield>
    <subfield code="8">NFIC</subfield>
    <subfield code="a">AV</subfield>
    <subfield code="b">AV</subfield>
    <subfield code="d">2017-08-01</subfield>
    <subfield code="e">BPPD/EN/2016-17/AV/16-17/451/15.2.2017/I-3323/1.3.2017/ 17.3.2017</subfield>
    <subfield code="g">360.00</subfield>
    <subfield code="l">0</subfield>
    <subfield code="o">810 DUT</subfield>
    <subfield code="p">B-667251</subfield>
    <subfield code="r">2017-08-01 00:00:00</subfield>
    <subfield code="t">1</subfield>
    <subfield code="v">360.00</subfield>
    <subfield code="w">2017-08-01</subfield>
    <subfield code="y">EN</subfield>
  </datafield>
</record>
